006820000a22002410004500003001100000005001700011008004100028020001500069040003900084041000800123082001500131100002700146100002200173245004700195260003000242300000800272490001200280650002000292650001900312942000700331952008900338999001300427LK-CoMWRAF20231023131921.0230817t2005 ||||| |||| 00| 0 eng d a8178982145 aLK-CoMWRAFdLK-CoMWRAFeLK-CoMWRAF aeng a297.4bERF aErfani, Mohammad Imran aKhan, Saniyasnain aGoodword Islamic Studies :bA grade course aNew DelhibGoodwordc2005 a64p aGrade 5 aIslam Education aChildrens Book cBK 00104070aMAINbMAINd2023-08-17l0o297.4 ERFpRAF287r2023-08-17w2023-08-17yBK c860d860